| 000 | 01448nam0a22002891 4500 | ||
|---|---|---|---|
| 001 | rc\4866928 | ||
| 005 | 20260407103700.0 | ||
| 021 |
_aRU _b[65-61944] |
||
| 035 | _a(NLR Aleph) 008908175 | ||
| 090 |
_a8746453 _c8746453 |
||
| 100 | _a20130426d1965 |||y0rusy50 ca | ||
| 101 | 0 | _arus | |
| 102 | _aRU | ||
| 105 | _ay z ||||| | ||
| 200 | 1 |
_aНародные танцы _eРек. аннотир. список произведений (1-8 исполнителей) для постановки в танцевальных коллективах _fМ-во культуры РСФСР. Центр. дом нар. творчества им. Н.К. Крупской |
|
| 210 |
_aМосква _cБ. и. _d1965 |
||
| 215 |
_a34 с. _d21 |
||
| 300 | _aВ вып. дан. сост.: Степанова Л.Г. | ||
| 606 |
_aХореографическая самодеятельность _xРепертуар _jРекомендательные списки _2psbo |
||
| 702 | 1 |
_4220 _aСтепанова _bЛ. Г. _cметодист, художеств. самодеятельность _gЛариса Георгиевна _9141494 _3RU\NLR\AUTH\770141530 |
|
| 712 | 0 | 2 |
_aЦентральный дом народного творчества им. Н. К. Крупской _cМосква _9360757 _3RU\NLR\AUTH\889932746 |
| 801 | 0 |
_aRU _bNLR _gpsbo |
|
| 801 | 1 |
_aRU _bELAR _2rusmarc |
|
| 852 |
_aNLR _jс917-660/Н30 |
||
| 942 | _cBOOK | ||
| 980 | _aNB | ||